| 000 | 00533nam a2200193Ia 4500 | ||
|---|---|---|---|
| 003 | OSt | ||
| 005 | 20230527101134.0 | ||
| 008 | 210423s2006 xx 000 0 und d | ||
| 040 | _cAL | ||
| 082 |
_a305.4 _223 _bPATW |
||
| 100 |
_aPATAWARI (Swapna) _9115159 |
||
| 245 | _aWomen managers profile career patter | ||
| 260 |
_aJaipur _bR B S A Publishers _c2006 |
||
| 365 |
_b700 _cINR |
||
| 650 |
_aSociology _9115160 |
||
| 650 |
_aWomen Studies _9115161 |
||
| 906 | _acareer ; managers ; patter ; profile ; Women | ||
| 942 |
_2ddc _cBK |
||
| 999 |
_c174352 _d174352 |
||